| 000 | 00624nam a2200193Ia 4500 | ||
|---|---|---|---|
| 003 | GCL | ||
| 008 | 140319s9999 xx 000 0 ara d | ||
| 040 |
_aGCL / _cGCL |
||
| 082 | 0 | 4 |
_a212.9 _bم ر |
| 100 | 1 | _aمحمود سلطان | |
| 245 | 1 | 0 |
_aرؤية معاصرة لاحتفالاتنا الاسلامية / _cمحمود سلطان |
| 260 |
_a[S.N] : _bمكتبة الايمان للطبع والنشر والتوزيع ، _c1992 |
||
| 300 | _a63 ص | ||
| 490 | _a | ||
| 650 | 0 | 4 | _aالاسلام |
| 650 | 0 | 4 | _aالشعائر الاسلامية |
| 650 | 0 | 4 | _aالاحتفالات الدينية |
| 942 |
_2ddc _cBK |
||
| 999 |
_c33725 _d33725 |
||